000 00999nam a2200325 i 4500
003 EG-GICUC
005 20260430085124.0
008 260430s1907 fr ||||f||||| 001 0bfre d
040 _aEG-GiCUC
_bfre
_cEG-GiCUC
_dEG-GiCUC
_eRda
041 0 _afre
082 0 4 _221
_a343.60493
_bJO . B
092 0 4 _221
099 _aLaw 10 343.60493 JO . B 1907 1011035 C1
100 1 _aJoly, Henri
_eAuteur
245 1 3 _aLa Belgique Criminelle /
_cPar Henri Joly
264 1 _aparis :
_bLibrairie Victor Lecoffre,
_c1907.
300 _a362 page ;
_c 24 cm.
336 _2rda contenu
_a texte
337 _2rda medias
_aOrdinateur
338 _2 transporteur rda
_a Ressource en ligne
500 _a
504 _acomprend des références bibliographiques.
546 _aTexte en français
650 1 4 _aDroit pénal
650 1 4 _aCriminologie
651 1 4 _aBelgique
_xCriminologie
856 4 0 _uhttps://fll.law.cu.edu.eg/fulltext/bks/B10-11035.pdf
905 _a164
942 _2ddc
_cBK
_e21
_n0
999 _c74393
_d74393